Mergers and Acquisitions in EU Countries diplomová práca

Salvato in:
Dettagli Bibliografici
Autore principale: Krištofová, Sofia
Enti autori: Národohospodárska fakulta EU. Katedra financií, Nottingham Trent University. Nottingham Business School
Altri autori: Hocman, František, 1983-
Natura: Libro
Lingua:inglese
Pubblicazione: Bratislava 2024
Tags: Aggiungi Tag
Nessun Tag, puoi essere il primo ad aggiungerne!!

MARC

LEADER 00000nbm a2200000 4500
001 0300759
005 20250604125932.8
041 0 |a eng 
044 |a SK 
245 1 0 |a Mergers and Acquisitions in EU Countries  |b diplomová práca  |c Sofia Krištofová ; školiteľ: František Hocman 
264 1 |a Bratislava  |c 2024 
300 |a 39 s. 
100 1 |a Krištofová, Sofia 
700 1 |a Hocman, František, 1983- 
710 2 |a Národohospodárska fakulta EU. Katedra financií 
710 2 |a Nottingham Trent University. Nottingham Business School